THE TEMPEST (Record no. 791932)

MARC details
000 -LEADER
fixed length control field 00429pam a2200169a 44500
008 - FIXED-LENGTH DATA ELEMENTS--GENERAL INFORMATION
fixed length control field 230405s2011 xxu||||| |||| 00| 0 eng d
041 ## - LANGUAGE CODE
Language code of text/sound track or separate title ENG
100 ## - MAIN ENTRY--PERSONAL NAME
Personal name Shakespeare , W.
245 ## - TITLE STATEMENT
Title THE TEMPEST
250 ## - EDITION STATEMENT
Edition statement 1 . . Ed.
260 ## - PUBLICATION, DISTRIBUTION, ETC.
Place of publication, distribution, etc. LONDON
Name of publisher, distributor, etc. HARPER COLLINS PUBLISHER
Date of publication, distribution, etc. 2011
300 ## - PHYSICAL DESCRIPTION
Extent 220p.
440 ## - SERIES STATEMENT/ADDED ENTRY--TITLE
Title SOURCE= BEST BOOK SUPPLIERS KOLHAPUR
650 ## - SUBJECT ADDED ENTRY--TOPICAL TERM
Topical term or geographic name entry element ENGLISH DRAMA
690 ## - LOCAL SUBJECT ADDED ENTRY--TOPICAL TERM (OCLC, RLIN)
Topical term or geographic name as entry element ENGLISH DRAMA
906 ## - LOCAL DATA ELEMENT F, LDF (RLIN)
a 11717
Holdings
Withdrawn status Lost status Damaged status Not for loan Collection Home library Current library Date acquired Total Checkouts Full call number Barcode Date last seen Price effective from Koha item type
          Dr.Patangrao Kadam Mahavidyalaya, Sangli Dr.Patangrao Kadam Mahavidyalaya, Sangli 22/08/2015   822/SHA PKS-20651 26/07/2023 26/07/2023 Book
          Dr.Patangrao Kadam Mahavidyalaya, Sangli Dr.Patangrao Kadam Mahavidyalaya, Sangli 22/08/2015   822/SHA PKS-20650 26/07/2023 26/07/2023 Book
          Dr.Patangrao Kadam Mahavidyalaya, Sangli Dr.Patangrao Kadam Mahavidyalaya, Sangli 22/08/2015   822/SHA PKS-20649 26/07/2023 26/07/2023 Book